000 00374 a2200145 4500
020 _a0706989201
082 _a658.4013
090 _c5444
_d5444
100 _aAnand, K. K
245 _aQuality Management Handbook
_cK K Anand
260 _aNew Delhi, India
_bVikas Publishing House PVT LTD
_c1995
300 _a290
500 _ahardcover
942 _aNBS
_cBK
_k658.4013 SHA
999 _c347852
_d347852